Detalles MARC
| 000 -CABECERA |
| campo de control de longitud fija |
02766nam a2200277 i 4500 |
| 003 - IDENTIFICADOR DEL NÚMERO DE CONTROL |
| campo de control |
DO-SdBPM |
| 005 - FECHA Y HORA DE LA ÚLTIMA TRANSACCIÓN |
| campo de control |
20260421090312.0 |
| 007 - CAMPO FIJO DE DESCRIPCIÓN FÍSICA--INFORMACIÓN GENERAL |
| campo de control de longitud fija |
ta |
| 008 - DATOS DE LONGITUD FIJA--INFORMACIÓN GENERAL |
| campo de control de longitud fija |
230426e2012 dr ||||gr|||| 00| 0 spa d |
| 040 ## - FUENTE DE LA CATALOGACIÓN |
| Centro catalogador/agencia de origen |
DO-SdBPM |
| Lengua de catalogación |
spa |
| Centro/agencia transcriptor |
BPMSU |
| Normas de descripción |
rda |
| Centro/agencia modificador |
|
| 082 #4 - NÚMERO DE LA CLASIFICACIÓN DECIMAL DEWEY |
| Número de clasificación |
348.022 |
| Número de documento/Ítem |
P273e 2012 |
| Número de edición |
22 |
| 110 2# - ENTRADA PRINCIPAL--NOMBRE DE ENTIDAD CORPORATIVA |
| Nombre de entidad corporativa o nombre de jurisdicción como elemento de entrada |
Partido Revolucionario Dominicano |
| 245 10 - MENCIÓN DE TÍTULO |
| Título |
Estatutos generales : |
| Resto del título |
Aprovados por la XXI convención nacional extraordinaria de fecha 28 de noviembre de 2004 y modificados en la XXIII convención nacional extraordinaria de fecha 16 de julio de 2005. / |
| 246 13 - FORMA VARIANTE DE TÍTULO |
| Título propio/Titulo breve |
Estatutos generales del PRD |
| 264 ## - PRODUCCIÓN, PUBLICACIÓN, DISTRIBUCIÓN, FABRICACIÓN Y COPYRIGHT |
| Producción, publicación, distribución, fabricación y copyright |
Santo Domingo : |
| Nombre del de productor, editor, distribuidor, fabricante |
Comisión de Reforma Estatutaria, |
| Fecha de producción, publicación, distribución, fabricación o copyright |
2012 |
| 300 ## - DESCRIPCIÓN FÍSICA |
| Extensión |
100 páginas : |
| Dimensiones |
20 cm. |
| 336 ## - TIPO DE CONTENIDO |
| Fuente |
rdaconten |
| Término de tipo de contenido |
texto |
| Código de tipo de contenido |
txt |
| 337 ## - TIPO DE MEDIO |
| Fuente |
rdamedia |
| Nombre/término del tipo de medio |
sin medición |
| Código del tipo de medio |
n |
| 338 ## - TIPO DE SOPORTE |
| Fuente |
rdamedia |
| Nombre/término del tipo de soporte |
volumen |
| Código del tipo de soporte |
nc |
| 505 0# - NOTA DE CONTENIDO CON FORMATO |
| Nota de contenido con formato |
Capítulo I. Disposiciones Generales.-- Capítulo II. De los Simpatizantes, Militantes y Dirigentes.-- Capítulo III. De la Organización Nacional del Partido.-- Capítulo IV. De la Convención Nacional.-- Capítulo V. Del Pleno Nacional de Dirigentes.-- Capítulo VI. Del Comité Ejecutivo Nacional.-- Capítulo VII. De la Comisión Política del Comité Ejecutivo Nacional.-- Capítulo VIII. Del Presidium.-- Capítulo IX. Del Congreso y del Plebiscito.-- Capítulo X. De la Comisión Nacional Consultiva.-- Capítulo XI. De las Comisiones de Control y de los Consejos de Disciplina.-- Capítulo XII. De la Presidencia del Partido.-- Capítulo XIII. De la Secretaría General.-- Capítulo XIV. De las Secretarías Nacionales y la Comisión Conjunta.-- Capítulo XV. De los Departamentos Nacionales.-- Capítulo XVI. De los Consejos Regionales y su Clasificación.-- Capítulo XVII. De los Comités Provinciales y sus Convenciones.-- Capítulo XVIII. De la Organización del Distrito Nacional de los Municipios de la Provincia Santo Domingo, del Municipio de Santiago y sus Convenciones.-- Capítulo XIX. De los Municipios No Zonificados y de sus Convenciones.-- Capítulo XX. De los Municipios No Zonificados, de Distritos Municipales y de sus Convenciones.-- Capítulo XXI. De los Comités de Colegios Electorales.-- Capítulo XXII. De las Seccionales del Exterior.-- Capítulo XXIII. De los Organismos Sectoriales Especializados.-- Capítulo XXIV. De las Fianzas del Partido y de su Control.-- Capítulo XXV. De las Elecciones para Puestos Dirigenciales en el Partido, de las Postulaciones para Cargos Públicos de Elecciones Populares y de la Representación Sectorial en los Organismos |
| 590 ## - NOTA LOCAL (RLIN) |
| Nota local |
Inventariado 2026 / VM |
| 610 17 - PUNTO DE ACCESO ADICIONAL DE MATERIA--NOMBRE DE ENTIDAD CORPORATIVA |
| Nombre de entidad corporativa o nombre de jurisdicción como elemento de entrada |
Partido Revolucionario Dominicano (PRD) |
| Título de la obra |
Estatutos |
| Subdivisión cronológica |
2005 |
| 650 #7 - PUNTO DE ACCESO ADICIONAL DE MATERIA--TÉRMINO DE MATERIA |
| Término de materia o nombre geográfico como elemento de entrada |
Partidos políticos |
| Subdivisión geográfica |
República Dominicana |
| 910 ## - DATOS DE OPCIÓN DEL USUARIO (OCLC) |
| Datos de opción del usuario |
VMateo V. Control de calidad. BPMSU |
| 942 ## - ELEMENTOS DE PUNTO DE ACCESO ADICIONAL (KOHA) |
| Fuente del sistema de clasificación o colocación |
Dewey Decimal Classification |
| Tipo de ítem Koha |
Libros |